Un pokémon par double type - Statistiques

Statistiques générales
  • Ce quiz a été pris 7 700 fois
    6 443 depuis la dernière actualisation
  • Le résultat moyen est 94 sur 162
Statistiques - réponses
Hint Réponse % Correct
Eau Carapuce|Carabaffe|Tortank|Mega-Tortank|Psykokwak|Akwakwak|Ptitard|Têtarte|Otaria|Kokiyas|Krabby|Krabboss|Hypotrempe|Hypocéan|Poissirène|Poissoroy|Stari|Magicarpe|Aquali|Kaiminus|Crocrodil|Aligatueur| Tarpaud|Rémoraid|Octillery|Suicune|Gobou|Wailmer|Wailord|Ecrapince|Barpau|Milobellus|Morphéo|Coquiperl| Serpang|Rosabyss|Lovdisc|Kyogre|PrimoKyogre|Tiplouf|Prinplouf|Mustébouée|Mustéflott|Sancoki|Ecayon| Lumineon|Phione|Manaphy|Arceus|Moustillon|Mateloutre|Clamiral|Flotajou|Flotoutan|Tritonde|Bargantua| Mamanbo|Grenousse|Croâporal|Flingouste|Gamblast|Otaquin|Otarlette|Froussardine|Concombaffe|Silvallié| Larméléon|Arrozard|Lézargus|Khélocrok|Embrochet|Hastacuda|Coiffeton|Camarbello|Taupikeau|Triopikeau| Dofin|Superdofin|Oyacata
98%
Combat Férosinge|Colossinge|Machoc|Machopeur|Mackogneur|Canarticho|Kicklee|Tygnon|Tauros|Débugant|Kapoera|Makuhita|Hariyama|Riolu|Arceus|Charpenti|Ouvrifier|Bétochef|Judokrak|Karaclée|Kungfouine| Shaofouine|Pandespiègle|Crabagarre|Quartermac|Silvallié|Poulpaf|Krakos|Palarticho|Hexadron|Zamazenta| Wushours
98%
Electrik Pikachu|Raichu|Voltorbe|Electrode|Elektek|Voltali|Pichu|Wattouat|Lainergie|Pharamp|Elekid|Raikou|Dynavolt|Elecsprint|Mega-Elecsprint|Posipi|Negapi|Lixy|Luxio|Luxray|Pachirisu|Elekable|Arceus|Zébibron|Zéblitz| Anchwatt|Lampéroie|Ohmassacre|Silvallié|Câblifère|Zeraora|Voltoutou|Fulgudog|Wattapik|Regieleki|Pohm| Têtampoule|Ampibidou
98%
Feu Salamèche|Reptincel|Goupix|Feunard|Caninos|Arcanin|Ponyta|Galopa|Magmar|Pyroli|Héricendre|Feurisson|Typhlosion|Limagma|Magby|Entei|Poussifeu|Chartor|Morphéo|Ouisticram|Maganon|Arceus|Gruikui| Flamajou|Flamoutan|Darumarond|Darumacho|Aflamanoir|Feunnec|Roussil|Flamiaou|Matoufeu|Silvallié| Flambino|Lapyro|Pyrobut|Charbambin|Chochodile|Crocogril
98%
Dragon Minidraco|Draco|Draby|Drackhaus|Arceus|Coupenotte|Incisache|Tranchodon|Drakkarmin|Mucuscule|Colimucus|Muplodocus|Silvallié|Bébécaille|Regidrago
97%
Normal Rattata|Rattatac|Miaouss|Persian|Excellangue|Leveinard|Kangourex|Mega-Kangourex|Tauros|Métamorph|Evoli|Porygon|Ronflex|Fouinette|Fouinar|Capumain|Insolourdo|Teddiursa|Ursaring|Porygon2|Cerfrousse| Queulorior|Ecrémeuh|Leuphorie|Zigzaton|Linéon|Parecool|Vigoroth|Monaflèmit|Chuchmur|Ramboum| Brouhabam|Skitty|Delcatty|Spinda|Mangriff|Morphéo|Kecleon|Keunotor|Capidextre|Laporeille|Lockpin| Chaglam|Chaffreux|Ptiravi|Goinfrex|Coudlangue|Porygon-Z|Regigigas|Arceus|Ratentif|Miradar|Ponchiot| Ponchien|Mastouffe|Nanméouïe|Chinchidou|Pashmilla|Frison|Sapereau|Couafarel|Manglouton|Argouste| Type:0|Silvallié|Dodoala|Rongourmand|Rongrigou|Moumouton|Moumouflon|Gourmelet|Fragroin|Compagnol| Famignol|Deusolourdo|Terapagos
97%
Glace Goupix|Morphéo|Stalgamin|Oniglali|Mega-Oniglali|Regice|Givrali|Arceus|Darumarond|Sorbébé|Sorboul|Sorbouboul|Polarhume|Polagriffe|Hexagel|Grelaçon|Séracrawl|Silvallié|Bekaglaçon|Blizzeval|Piétacé|Balbalèze
96%
Fée Melofée|Mélodelfe|Mélo|Togépi|Snubbull|Granbull|Arceus|Flabébé|Floette|Florges|Fluvetin|Cocotine|Sucroquin|Cupcanaille|Nymphali|Xerneas|Guérilande|Silvallié|Crémy|Charmilly|Zacian|Pâtachiot|Briochien
96%
Psy Abra|Kadabra|Alakazam|Mega-Alakazam|Ponyta|Soporifik|Hypnomade|Mewtwo|Mega-Mewtwo Y|Mew|Mentali|Zarbi|Qulbutoké|Spoink|Groret|Eoko|Okéoké|Deoxys|Korillon|Créhelf|Créfollet|Créfadet|Cresselia| Arceus|Munna|Mushana|Scrutella|Mesmérella|Sidérella|Nucléos|Méios|Symbios|Lewsor|Neitram|Psystigri| Mistigrix|Silvallié|Cosmog|Cosmovum|Necrozma|Bibichut|Chapotus|Flotillon|Cléopsytra
95%
Insecte Chenipan|Chrysacier|Scarabrute|Pomdepik|Chenipotte|Armulys|Blindalys|Muciole|Lumivole|Crikzik|Mélokrik|Cheniti|Arceus|Carabing|Escargaume|Limaspeed|Lépidonille|Pérégrain|Larvibule|Silvallié|Larvadar| Tissenboule|Filentrape|Liliterelle|Léboulérou
95%
Plante Saquedeneu|Germignon|Macronium|Meganium|Joliflor|Tournegrin|Héliatronc|Arcko|Massko|Jungko|Grainipiot|Balignon|Cacnea|Tortipouss|Boskara|Ceribou|Ceriflor|Vortente|Bouldeneu|Phyllali|Shaymin| Arceus|Vipélierre|Lianaja|Majaspic|Feuillajou|Feuilloutan|Chlorobule|Fragilady|Maracachi|Marisson| Boguérisse|Cabriolaine|Chevroum|Mimantis|Floramantis|Croquine|Candine|Sucreine|Silvallié|Ouistempo| Badabouin|Gorythmic|Tournicoton|Blancoton|Poussacha|Matourgeon|Pimito|Ogerpon
95%
Poison Abo|Arbok|Nidoran|Nidorino|Nidorina|Tadmorv|Grotadmorv|Smogo|Smogogo|Gloupti|Avaltout|Séviper|Arceus|Miamiasme|Miasmax|Silvallié|Vémini
94%
Sol Sabelette|Sablaireau|Taupiqueur|Triopikeur|Osselait|Ossatueur|Phanpy|Donphan|Kraknoix|Groudon|Hippopotas|Hippodocus|Arceus|Rototaupe|Tiboudet|Bourrinos|Silvallié|Dunaja|Dunaconda
92%
Spectre Feuforève|Corayon|Polichombr|Branette|Mega-Branette|Skelénox|Téraclope|Magireve|Noctunoir|Arceus|Tutafeh|Tutankafer|Silvallié|Théffroi|Polthégeist|Corayôme|Spectreval|Toutombe|Tomberro|Mordudor
90%
Ténèbres Miaouss|Persian|Noctali|Medhyena|Grahyena|Absol|Mega-Absol|Darkrai|Arceus|Chacripan|Léopardus|Zorua|Zoroark|Silvallié|Goupilou|Roublenard|Grondogue|Dogrino
90%
Acier Miaouss|Mega-Galeking|Registeel|Arceus|Tic|Clic|Cliticlic|Silvallié|Meltan|Melmetal|Berserkatt|Charibari|Pachyradjah|Ferdeter
89%
Roche Simularbre|Tarinor|Regirock|Kranidos|Charkos|Manzai|Arceus|Nodulithe|Géolithe|Gigalithe|Rocabot|Lougaroc|Silvallié|Charbi|Dolman|Selutin|Amassel|Gigansel|Craparoi
88%
Acier/Dragon Dialga|Colimucus|Muplodocus|Duralugon|Pondralugon
83%
Acier/Vol Airmure|Bamboiselle|Corvaillus
82%
Acier/Fée Mysdibule|Mega-Mysdibule|Trousselin|Magearna|Zacian|Forgerette|Forgella|Forgelina
82%
Vol Arceus|Boréas|Silvallié|Minisange|Bleuseille
79%
Acier/Insecte Foretress|Cizayox|Mega-Cizayox|Cheniselle|Lançargot|Fermite|Genesect
79%
Acier/Electrik Magneti|Magneton|Magnézone|Togedemaru
78%
Acier/Combat Lucario|Mega-Lucario|Cobaltium|Zamazenta
77%
Acier/Plante Grindur|Noacier|Katagami
76%
Dragon/Vol Dracolosse|Altaria|Drattak|Mega-Drattak|Rayquaza|Mega-Rayquaza|Sonistrelle|Bruyverne
75%
Acier/Feu Heatran
75%
Combat/Eau Tartard|Tauros|Keldeo|Shifours|Palmaval
75%
Combat/Feu Tauros|Galifeu|Braségali|Mega-Braségali|Chimpenfeu|Simiabraz|Grotichon|Roitiflam
74%
Dragon/Eau Hyporoi|Palkia|Hydragon|Nigirigon|Serpente-Eau
73%
Dragon/Feu Mega-Dracaufeu X|Reshiram|Boumata|Feu-Perçant
73%
Acier/Psy Terhal|Métang|Métalosse|Mega-Métalosse|Jirachi|Archéomire|Archéodong|Solgaleo|Necrozma|Chef-de-Fer
73%
Eau/Glace Lamantine|Crustabri|Lokhlass|Obalie|Phogleur|Kaimorse|Hydragla|Hotte-de-Fer
72%
Eau/Vol Léviator|Démanta|Goélise|Bekipan|Babimanta|Couaneton|Lakmécygne|Nigosier
72%
Dragon/Electrik Mega-Pharamp|Zekrom|Galvagon|Miraidon|Ire-Foudre
72%
Dragon/Glace Kyurem|Frigodo|Cryodo|Glaivodo
71%
Eau/Electrik Loupio|Lanturn|Motisma
71%
Combat/Psy Mega-Mewtwo X|Meditikka|Charmina|Mega-Charmina|Gallame|Mega-Gallame
71%
Eau/Feu Volcanion
71%
Eau/Insecte Arakdo|Araqua|Tarenbulle|Sovkipou|Sarmuraï
70%
Combat/Dragon Ecaïd|Ekaiser|Koraidon
70%
Acier/Roche Galekid|Galegon|Galeking|Dinoclier|Bastiodon|Tarinorme|Ama-Ama
70%
Eau/Sol Axoloto|Maraiste|Flobio|Laggron|Mega-Laggron|Barloche|Barbicha|Tritosor|Batracné|Crapustule
69%
Acier/Sol Taupiqueur|Triopikeur|Steelix|Mega-Steelix|Minotaupe|Limonde|Roue-de-Fer
69%
Eau/Plante Nénupiot|Lombre|Ludicolo|Ogerpon
68%
Dragon/Spectre Giratina|Fantyrm|Dispareptil|Lanssorien
67%
Eau/Fée Marill|Azumarill|Oratoria|Tokopisco
67%
Eau/Poison Tentacool|Tentacruel|Qwilfish|Venalgue|Vorastérie|Prédastérie
67%
Dragon/Sol Vibraninf|Libégon|Griknot|Carmache|Carchacrok|Mega-Carchacrok|Zygarde
67%
Eau/Roche Amonita|Amonistar|Kabuto|Kabutops|Corayon|Relicanth|Carapagos|Mégapagos|Opermine|Golgopathe|Torgamord
66%
Combat/Vol Electhor|Brutalibré|Flamenroule
66%
Electrik/Vol Electhor|Motisma|Emolga|Fulguris|Plumeline|Zapétrel|Fulgulairo
66%
Combat/Plante Chapignon|Fragilady|Viridium|Blindépique|Archéduc
65%
Acier/Eau Pingoléon
65%
Feu/Vol Dracaufeu|Mega-Dracaufeu Y|Sulfura|Ho-Oh|Braisillon|Flambusard|Plumeline
64%
Dragon/Plante Noadkoko|Mega-Jungko|Verpom|Pomdrapi|Dratatin|Pomdramour|Pomdorochi
64%
Dragon/Normal Draïeul|Motorizard
63%
Eau/Psy Ramoloss|Flagadosss|Mega-Flagadoss|Staross|Roigada|Denticrisse|Délestin
63%
Dragon/Poison Kravarech|Mandrillon|Ethernatos
62%
Eau/Ténèbres Mega-Léviator|Carvanha|Sharpedo|Mega-Sharpedo|Colhomard|Clamiral|Amphinobi
62%
Acier/Spectre Monorpale|Dimoclès|Exagide|Gromago
62%
Combat/Insecte Scarhino|Mega-Scarhino|Mouscoto|Cancrelove|Rampe-Ailes
61%
Electrik/Insecte Statitik|Mygavolt|Chrysapile|Lucanon
61%
Plante/Poison Bulbizarre|Herbizarre|Florizarre|Mega-Florizarre|Mystherbe|Ortide|Rafflesia|Chétiflor|Boustiflor|Empiflor|Rosélia|Rozbouton|Roserade|Trompignon|Gaulet
60%
Feu/Spectre Ossatueur|Typhlosion|Funécire|Mélancolux|Lugulabre|Pierroteknik|Flâmigator|Malvalame
60%
Normal/Vol Roucool|Roucoups|Roucarnage|Mega-Roucarnage|Piafabec|Rapasdepic|Canarticho|Doduo|Dodrio|Hoothoot|Noarfang|Nirondelle|Hélédelle|Tylton|Etourmi|Etourvol|Etouraptor|Pijako|Poichigeon|Colombeau|Déflaisan| Furaiglon|Gueriaigle|Passerouge|Picassaut|Piclairon|Bazoucan|Tapatoès
60%
Dragon/Ténèbres Solochi|Diamat|Trioxhydre|Engloutyran|Rugit-Lune
60%
Combat/Poison Farfuret|Cradopaud|Coatox|Farfurex|Félicanis
59%
Insecte/Vol Papilusion|Insécateur|Mega-Scarabrute|Coxy|Coxyclaque|Yanma|Charmillon|Maskadra|Ninjask|Papilord|Apitrini|Apireine|Yanmega|Prismillon
59%
Insecte/Poison Aspicot|Coconfort|Dardargnan|Mega-dardargnan|Mimitoss|Aéromite|Mimigal|Migalos|Papinox|Rapion|Venipatte|Scobolide|Brutapode
58%
Electrik/Fée Dedenne|Tokorico
58%
Fée/Psy Galopa|M.Mime|Tarsal|Kirlia|Gardevoir|Mega-Gardevoir|Mime Jr.|Tokopiyon|Sorcilence|Hurle-Queue
58%
Combat/Spectre Marshadow|Courrousinge
58%
Electrik/Glace Motisma|Galvagla
58%
Combat/Ténèbres Baggiguane|Baggaïd|Pandarbare|Shifours
57%
Electrik/Feu Motisma
57%
Glace/Vol Artikodin|Cadoizo
56%
Dragon/Fée Mega-Altaria
56%
Glace/Spectre Momartik
56%
Combat/Electrik Pohmotte|Pohmarmotte|Paume-de-Fer
56%
Plante/Vol Granivol|Floravol|Cotovol|Tropius|Shaymin|Brindibou|Efflèche
55%
Electrik/Spectre Motisma
55%
Feu/Insecte Pyronille|Pyrax|Grillepattes|Scolocendre
55%
Ténèbres/Vol Sulfura|Cornèbre|Corboss|Vostourno|Vaututrice|Yveltal|Lestombaile|Têtes-deFer
55%
Eau/Spectre Viskuse|Moyade|Paragruel
55%
Insecte/Plante Paras|Parasect|Cheniselle|Larveyette|Couverdure|Manternel
54%
Roche/Sol Racaillou|Gravalanch|Grolem|Onix|Rhinocorne|Rhinoféros|Embrylex|Ymphect|Rhinastoc
54%
Combat/Glace Crabominable
53%
Acier/Ténèbres Scalpion|Scalproie|Scalpereur
53%
Sol/Vol Scorplane|Scorvol|Démétéros
53%
Feu/Plante Scovilain|Ogerpon
53%
Electrik/Poison Toxizap|Salarsen
53%
Feu/Psy Victini|Darumacho|Goupelin|Carmadura
53%
Electrik/Plante Voltorbe|Electrode|Motisma
53%
Glace/Plante Blizzi|Blizzaroi|Mega-Blizzaroi
52%
Feu/Ténèbres Malosse|Démolosse|Mega-Démolosse|Félinferno|Yuyu
52%
Psy/Vol Artikodin|Natu|Xatu|Lugia|Chovsourir|Rhinolove|Cryptéro|Gueriaigle|Plumeline
51%
Plante/Spectre Brocélôme|Desséliande|Pitrouille|Banshitrouye|Archéduc|Sinistrail|Virovent|Virevorreur|Poltchageist|Théffroyable
51%
Feu/Roche Caninos|Arcanin|Volcaropod|Wagomine|Monthracite
51%
Poison/Spectre Fantominus|Spectrum|Ectoplasma|Mega-Ectoplasma|Pêchaminus
51%
Electrik/Sol Limonde|Pelage-Sablé
51%
Fée/Normal Rondoudou|Grodoudou|Toudoudou|Azurill|Méga-Nanméouïe
51%
Acier/Poison Vrombi|Vrombotor
51%
Combat/Normal Mega-Lockpin|Meloetta|Nounourson|Chelours
50%
Acier/Glace Sabelette|Sablaireau
50%
Insecte/Roche Caratroc|Anorith|Armaldo|Crabicoque|Crabaraque|Hachécateur
49%
Glace/Insecte Frissonille|Beldeneige
49%
Plante/Ténèbres Pifeuil|Tengalice|Cacturne|Zarude|Miascarade|Fongus-Furie|Chongjian
49%
Roche/Vol Ptera|Mega-Ptera|Arkéapti|Aéroptéryx|Météno
49%
Electrik/Roche Racaillou|Gravalanch|Grolem|Epine-de-Fer
49%
Spectre/Ténèbres Ténéfix|Mega-Ténéfix|Spiritomb
49%
Feu/Poison Tritox|Malamandre|Mite-de-Fer
49%
Fée/Plante Doudouvet|Farfaduvet|Spododo|Lampignon|Tokotoro
47%
Glace/Ténèbres Farfuret|Dimoret|Baojian
47%
Feu/Normal Hélionceau|Némélios
47%
Dragon/Psy Latias|Latios|Mega-Latias|Mega-Latios|Ultra-Necrozma
47%
Feu/Sol Chamallot|Camérupt|Mega-Camérupt|Primo-Groudon
46%
Fée/Ténèbres Grimalin|Fourbelin|Angoliath
46%
Fée/Spectre Mimiqui|Flotte-Mèche
46%
Dragon/Roche Ptyranidur|Rexillius
46%
Fée/Roche Strassie|Diancie|Méga-Diancie
46%
Normal/Spectre Zorua|Zoroark
46%
Fée/Vol Togetic|Togekiss|Amovénus
45%
Glace/Roche Amagara|Dragmara|Séracrawl
44%
Combat/Fée Garde-de-Fer
44%
Glace/Psy M.Mime|Lippoutou|Lippouti|M. Glaquette|Sylveroy
44%
Plante/Roche Lilia|Vacilys|Ogerpon
43%
Insecte/Spectre Munja
43%
Sol/Spectre Tutafeh|Gringolem|Golemastoc|Bacabouh|Trépassable|Tutétékri
43%
Eau/Normal Castorno
42%
Feu/Glace Darumacho
41%
Fée/Glace Feunard
41%
Electrik/Normal Galvaran|Iguolta
41%
Plante/Psy Noeunoeuf|Noadkoko|Celebi|Sylveroy|Vert-de-Fer
41%
Glace/Sol Marcacrin|Cochignon|Mammochon
40%
Insecte/Sol Ningale|Cheniselle
40%
Fée/Insecte Bombydou|Rubombelle
39%
Normal/Psy Girafarig|Meloetta|Gouroutan|Wimessir|Cerbyllin|Farigiraf
39%
Combat/Roche Terrakium
39%
Plante/Sol Torterra|Terracool|Terracruel
39%
Insecte/Psy Coléodôme|Astronelle|Bérasca
38%
Insecte/Ténèbres Gambex
38%
Normal/Plante Vivaldaim|Haydaim|Olivini|Olivado|Arboliva
38%
Poison/Ténèbres Tadmorv|Grotadmorv|Qwilfish|Moufouette|Moufflair|Drascore|Qwilpik
37%
Electrik/Ténèbres Morpeko
36%
Fée/Poison Smogogo|Favianos
36%
Spectre/Vol Baudrive|Grodrive|Plumeline
35%
Psy/Spectre Hoopa|Lunala|Necrozma|Sylveroy
35%
Poison/Vol Nosferapti|Nosferalto|Nostenfer
35%
Electrik/Psy Raichu
35%
Psy/Ténèbres Sepiatop|Sepiatroce|Hoopa
35%
Normal/Poison Gribouraigne|Tag-Tag
34%
Normal/Sol Excavarenne|Ursaking
33%
Sol/Ténèbres Mascaïman|Escroco|Crocorible|Dinglu
33%
Psy/Sol Balbuto|Kaorine
32%
Poison/Roche Zéroïd|Germéclat|Floréclat
32%
Combat/Sol Fort-Ivoire
31%
Poison/Sol Nidoqueen|Nidoking|Axoloto|Terraiste
30%
Normal/Ténèbres Rattata|Rattatac|Zigzaton|Linéon|Ixon
30%
Psy/Roche Séléroc|Solaroc|Roc-de-Fer
30%
Roche/Ténèbres Tyranocif|Mega-Tyranocif
30%
Poison/Psy Flagadoss|Roigada|Fortusimia
28%
Aucun quiz correspondant
Distribution des résultats
% des personnes avec chaque résultat
Percentile par nombre de réponses
Votre historique - résultats
Vous n’avez pas pris ce quiz depuis la dernière actualisation